Romeo a Júlia na dedine

Bibliographic Details
Main Author: Keller, Gottfried, 1819-1890 (Author)
Other Authors: Májeková, Júlia, 1919-1991 (Translator), Turčány, Viliam, 1928-2021 (Translator), Pašteka, Július, 1924-2019 (Author of afterword, colophon, etc.), Kajlich, Aurel, 1901-1973 (Bookjacket designer)
Format: Book
Language:Slovak
German
PhysicalDescription:120, [3] s. 16 cm
Published: Bratislava Slovenské vydavateľstvo krásnej literatúry 1955
Edition:1. vyd.
Series:Malá svetová knižnica
Subjects:

MARC

LEADER 00000cam a2200000 a 4500
001 vtls008378252
003 SK-MaSNL
005 20260302085143.0
008 210623s1955 xo g 000 f slo
015 |a SNBA19451955-005241 
035 |a SK01SNKBKSFS20010070469 
035 |a SKM000072932 
040 |a SNK  |b slo  |c SNK  |e AACR2 
041 1 |a slo  |h ger 
044 |a xo  |c SK 
072 7 |a 821.112.2-3  |x Nemecká próza, nemecky písaná  |2 konspekt 
080 |a 821.112.2(494)-32  |2 2011 
100 1 |a Keller, Gottfried,  |d 1819-1890  |4 aut  |9 105866 
240 1 0 |a Romeo und Julia auf dem Dorfe  |l Slovensky 
245 1 0 |a Romeo a Júlia na dedine  |c Gottfried Keller ; z nemeckého originálu preložila Júlia Májeková ; verše prebásnil Viliam Turčány ; doslov napísal Július Paštéka 
250 |a 1. vyd. 
260 |a Bratislava  |b Slovenské vydavateľstvo krásnej literatúry  |c 1955  |e Liptovský Mikuláš  |f Severoslovenské tlačiarne 
300 |a 120, [3] s.  |c 16 cm 
366 |e 6400 výtl. 
490 1 |a Malá svetová knižnica  |v zv. 1 
500 |a Z cyklusu noviel Die Leute von Seldwyla 
655 7 |a švajčiarske novely (nemecky)  |2 SNKPH  |9 165066 
655 7 |a Swiss novellas (German)  |2 SNKPHeng  |9 398508 
700 1 |a Májeková, Júlia,  |d 1919-1991  |4 trl  |9 45477 
700 1 |a Turčány, Viliam,  |d 1928-2021  |4 trl  |9 102025 
700 1 |a Pašteka, Július,  |d 1924-2019  |4 aft  |9 85848 
700 1 |a Kajlich, Aurel,  |d 1901-1973  |4 bjd  |9 122415 
830 0 |a Malá svetová knižnica  |9 307721 
852 |a Slovenská národná knižnica 
954 |a beletria cudzojazyčná (svetová)  |2 lita 
958 |a RK 
958 |a LX 
958 |a CH 
958 |a UP 
958 |a OND 
999 |c 1190921  |d 1192851 
952 |t P60, <04>, [BOOK], {604}  |a SNK  |b SNK  |y VYP  |7 0  |p 17A0186272  |o snkSD 29652 D1  |i snkD 982/81  |0 0  |1 0  |4 0  |d 1999-03-24  |l 0  |r 2005-01-02 00:00:00  |w 2026-02-24 
952 |a SNK  |b SNK  |y PREZ  |7 0  |p 17A0796578  |o snkSD 29652   |0 0  |1 0  |4 0  |d 2013-08-07  |l 0  |r 2026-02-24 22:10:55  |w 2026-02-24